| Tag |
First Indicator |
Second Indicator |
Subfields |
| LEADER |
00000cam a2200000 a 4500 |
| 001 |
in00002178331 |
| 006 |
m e d # |
| 007 |
cr mn mmmmabba |
| 008 |
840123s1797 pau s f000 0 eng d |
| 005 |
20260330213453.3 |
| 035 |
|
|
|z w013323
|
| 035 |
|
|
|a MAAR8401231344B
|
| 035 |
|
|
|9 mwa91-50072
|
| 035 |
|
|
|a 348018
|
| 035 |
|
|
|a aas03013323
|
| 040 |
|
|
|a MWA
|c MWA
|e bdrb
|d UtOrBLW
|
| 110 |
1 |
|
|a United States.
|b War Department.
|
| 245 |
1 |
0 |
|a Letter from the secretary of war, transmitting sundry statements relative to the frigates United States, Constitution and Constellation, June 17th. 1797 :
|b Published by order of the House of Representatives.
|
| 264 |
|
3 |
|a Philadelphia :
|b Printed by Zachariah Poulson, Junior, number eighty, Chesnut-Street,
|c 1797.
|
| 300 |
|
|
|a 7 pages, 3 unnumbered pages, 1 unnumbered folded leaf ;
|c 21 cm.
|
| 336 |
|
|
|a text
|b txt
|2 rdacontent
|
| 337 |
|
|
|a computer
|b c
|2 rdamedia
|
| 338 |
|
|
|a online resource
|b cr
|2 rdacarrier
|
| 510 |
4 |
|
|a Evans
|c 33096
|
| 530 |
|
|
|a Microform version available in the Readex Early American Imprints series.
|
| 533 |
|
|
|a Electronic text and image data.
|b [Chester, Vt. :
|c Readex, a division of Newsbank, Inc.,
|d 2002-2004.
|e Includes files in TIFF, GIF and PDF formats with inclusion of keyword searchable text.
|f (Early American imprints. First series ; no. 33096).
|
| 500 |
|
|
|a Electronic resource.
|
| 610 |
1 |
0 |
|a United States.
|b Navy
|x Military construction operations.
|
| 610 |
1 |
0 |
|a United States.
|b Navy
|x Ordnance and ordnance stores.
|
| 710 |
1 |
|
|a United States.
|b Congress
|n (5th, 1st session :
|d 1797)
|b House.
|
| 740 |
0 |
|
|a Letter from the secretary of war, transmitting sundry statements relative to the frigates ...
|
| 752 |
|
|
|a United States
|b Pennsylvania
|d Philadelphia.
|
| 830 |
|
0 |
|a Early American imprints.
|n Series I,
|p Evans (1639-1800) ;
|v no. 33096.
|
| 856 |
4 |
1 |
|u http://proxy.library.tamu.edu/login?url=https://opac.newsbank.com/select/evans/33096
|y Evans Digital Edition
|t 0
|
| 999 |
|
|
|a MARS
|
| 999 |
f |
f |
|s 0859251e-a657-36d1-b541-d4dbe3e2c9ed
|i 1fbf0945-80a4-34df-b99f-af0e3eba715f
|t 0
|
| 952 |
f |
f |
|a Texas A&M University
|b College Station
|c Electronic Resources
|s www_evans
|d Available Online
|t 0
|h No information provided
|
| 998 |
f |
f |
|t 0
|l Available Online
|